| 000 | 00470cam a2200193ua 4500 | ||
|---|---|---|---|
| 020 | _c295.00 | ||
| 041 |
_aeng _h |
||
| 082 |
_a621.8 _bRAM/ME |
||
| 100 | _aRamamurti, V . | ||
| 245 |
_aMechanics of machines / _cV.Ramamurti. _hTextual Documents |
||
| 250 |
_a2 / _b. |
||
| 260 |
_aNew Delhi : _bNarosa Publishing House , _c2005. |
||
| 300 | _a338 ; . | ||
| 365 | _a295.00 | ||
| 500 | _a20880-Scheme | ||
| 504 | _a | ||
| 942 | _cBK | ||
| 999 |
_c12174 _d12174 |
||